LDR 00806naa#a2200169#i#450# 001 RU\\bibl\118720 005 20260518010307.1 011 ## _a1994-4683 100 ## _a20230428b2023####ek#y0rusy0150####ca 102 ## _aRU 200 1# _aРАЗВИТИЕ ПРОСТРАНСТВЕННОЙ ОРИЕНТАЦИИ НА ЭТАПЕ НАЧАЛЬНОЙ ПОДГОТОВКИ В ТХЭКВОНДО _eЖурнальная статья 210 1# _aМосква _cНациональный государственный Университет физической культуры, спорта и здоровья им. П.Ф. Лесгафта _d2023 215 ## _a4 с. 608 ## _aЖурнальная статья _2local 675 ## _aТаеквон-до. 796.856.2 _z 700 #1 _aМалышкин _gД В 856 4# _auchzapiski.lesgaft.spb.ru _u